Представление документа в формате MARC21

ПолеНазваниеЗначение
  Тип записи a
  Библиографический уровень m
001 Контрольный номер RU/URAIT/590510
005 Дата корректировки 20260429163607.4
008 Кодируемые данные 260429s2026 RU y f j 000 0 rus u
020 Индекс ISBN __
a ISBN 978-5-534-21891-6
c Цена, тираж 1509.00
040 Источник каталогиз. __
a Служба первич. каталог. ИКО Юрайт
c Служба, преобразующая запись ИКО Юрайт
e Правила каталог. RCR
041 Код языка издания __
a Код языка текста rus
044 Код страны публикации __
a Код страны публикации RU
080 Индекс УДК __
a Индекс УДК 51:33(075.8)
084 Индекс другой классификации/Индекс ББК __
2 Источник индекса rubbk
a Индекс другой классификации/Индекс ББК 22.16я73
100 Автор __
a Автор Лепский А. Е.
q Полное имя Лепский Александр Евгеньевич
245 Заглавие __
a Заглавие Математический анализ. Углублённый курс для экономистов
b Продолж. заглавия учебник для вузов
c Ответственность А. Е. Лепский.
256 Характеристики компьютерного файла __
a Характеристики компьютерного файла Электрон. дан.
260 Выходные данные __
a Место издания Москва
b Издательство Юрайт
c Дата издания 2026
300 Физическое описание __
a Объем 357 с
440 Серия __
a Серия Высшее образование
500 Примечания __
a Примечание URL: https://urait.ru/bcode/590510 (дата обращения: 29.04.2026).
520 Аннотация __
a Аннотация Курс лекций предназначен в первую очередь для студентов бакалавриата образовательной программы «Экономика и статистика». В то же время это пособие может быть полезно студентам других программ направления «Экономика и управление» («Экономика», «Экономический анализ», «Экономика и анализ данных», «Бизнес-информатика» и др.). Материал пособия охватывает такие разделы математического анализа, как: дифференциальное исчисление функций одной и многих переменных; неопределенные, определенные и несобственные интегралы; элементы кратного интегрирования; собственные интегралы, зависящие от параметров; числовые и функциональные ряды. Материал курса подкреплен большим количеством разобранных примеров и задач для самостоятельного решения. Практически все разбираемые понятия математического анализа проиллюстрированы задачами экономического анализа, статистики и/или обработки данных.
538 Прим. о системных особенностях __
a Прим. о системных особенностях Режим доступа: Электронно-библиотечная система Юрайт, для авториз. пользователей
653 Ключевые слова __
a Ключевые слова Математический анализ
653 Ключевые слова __
a Ключевые слова Математика и статистика
653 Ключевые слова __
a Ключевые слова Математический анализ
653 Ключевые слова __
a Ключевые слова Основы математического анализа
653 Ключевые слова __
a Ключевые слова Математика. Математический анализ
653 Ключевые слова __
a Ключевые слова Принятие решений в условиях риска и неопределенности
653 Ключевые слова __
a Ключевые слова Введение в математический анализ
653 Ключевые слова __
a Ключевые слова Высшая математика (математический анализ)
856 Электронный адрес документа 40
n Местонахождение сервера Юрайт
g Электронная книга
q Тип электронного формата html
h Имя пользователя ЮРАЙТ
v Часы доступа к ресурсу 20271231
2 Способ доступа Показать документ
x Служебное примечание https://urait.ru/book/cover/24B9DFE4-6239-41D3-9994-5A8EE985B7B3
u URL https://urait.ru/bcode/590510
856 Электронный адрес документа 48
q Тип электронного формата cover
u URL https://urait.ru/book/cover/24B9DFE4-6239-41D3-9994-5A8EE985B7B3
911 __
u 0030=https://urait.ru/bcode/590510
911 __
u 073a=9785534218916
u 073d=1509.00
911 __
u 106a=s
911 __
u 900l=
952 Тип литературы __
i Дисциплина Математический анализ
952 Тип литературы __
i Дисциплина Основы математического анализа
952 Тип литературы __
i Дисциплина Математика. Математический анализ
952 Тип литературы __
i Дисциплина Принятие решений в условиях риска и неопределенности
952 Тип литературы __
i Дисциплина Введение в математический анализ
952 Тип литературы __
i Дисциплина Высшая математика (математический анализ)